| 000 | 01503nam a22002897a 4500 | ||
|---|---|---|---|
| 003 | DO-SdBNP | ||
| 005 | 20250515094859.0 | ||
| 007 | ta | ||
| 008 | 230214b 2023|dr||||| ||||f00| 0 spa d | ||
| 020 | _axxxxxxxxxxxxxxxxxxxxx | ||
| 040 |
_aDO-SdBNP _bspa _cBNPHU |
||
| 082 | 4 |
_a363.8097293 _bR426p |
|
| 110 | 1 |
_aRepública Dominicana. _9447 _bMinisterio de la Presidencia. |
|
| 245 | 1 |
_aPlan nacional para soberanía y seguridad alimentaria y nutricional : _bplan nacional SSAN 2023-2026 _cinvestigación y redacción, Sandy Susaña Peralta; colaborador, Richard Peralta Decamps; corrección de estilo, Darío Tejeda; fotografías, Organización de las Naciones Unidas para la Alimentación y la Agricultura (FAO) |
|
| 260 |
_aSanto Domingo : _bMinisterio de la Presidencia : _bFAO, _c2023 |
||
| 300 |
_a154p. : _bil., fots.,grafcs. tabla, _cxxx cm. |
||
| 500 | _aIncluye referencias bibliográficas y notas al pie de las páginas | ||
| 650 | 4 |
_aPolítica nutricional _zRepública Dominicana _y2023-2026 _983107 |
|
| 650 | 4 |
_aSeguridad alimenticia _zRepública Dominicana _y2023-2026 _983108 |
|
| 650 | 0 |
_aAbastecimiento de alimentos _zRepública Dominicana _y2023-2026 _95254 |
|
| 651 | 4 |
_aRepública Dominicana _xPolítica social _y2023-2026 _983110 |
|
| 700 | 1 |
_aPeralta, Sandy Susaña _964456 |
|
| 700 | 1 |
_aPeralta Decamps, Richard _983111 |
|
| 700 | 1 |
_aTejeda, Darío _92540 |
|
| 710 | 2 |
_a Organización de las Naciones Unidas para la Alimentación y la Agricultura _983112 |
|
| 942 |
_2ddc _cLBS1 |
||
| 999 |
_c53129 _d53129 |
||